000 01908nam0a2200409 4500
001 RU\NLR\BIBL_A\022764779
005 20260406101847.0
010 _a978-5-392-45645-1
_91000
021 _aRU
_bКН-П-26-007177
_9КН-П-26-0696
035 _a(NLR Aleph) 022764779
090 _a13654406
_c13654406
100 _a20260324d2026 u y0rusy50 ca
101 0 _arus
102 _aRU
105 _ay|||n|||000yy
181 0 _ai4
_baxxe
182 0 _an
200 1 _aКонституции от Ленина до Путина
_eсборник основных законов РСФСР, СССР, РФ
203 _aТекст
_bвизуальный
_cнепосредственный
210 _aМосква
_cПроспект
_d2026 (печ. 2025)
215 _a127, [1] с.
_d21
604 _171001$aРоссийская Федерация
_1500##$aКонституция$k1993$2nlr_sh1$2nlr_sh2$3RU\NLR\AUTH\661276196
_aРоссийская Федерация
_tКонституция
_92111763
_3RU\NLR\AUTH\661276196
606 1 _aКонституции
_yРСФСР
_z1918 - 1978
_92394161
_3RU\NLR\AUTH\6601647789
606 1 _aКонституции
_yСССР
_z1924 - 1977
_92588627
_3RU\NLR\AUTH\6601739893
686 1 _aХ620.12Р02"1993"
686 1 _aХ620.10
686 1 _aХ620.11
740 1 _aРСФСР
_f1918
_tКонституция
_92703428
_3RU\NLR\AUTH\880640903
741 1 _aСССР
_f1924
_tКонституция
_9610903
_3RU\NLR\AUTH\8810055174
741 1 _7ca
_aСССР
_f1936
_tКонституция
_9840281
_3RU\NLR\AUTH\880587214
741 1 _aСССР
_f1977
_tКонституция
_9662108
_3RU\NLR\AUTH\8810079986
741 1 _aРоссийская Федерация
_f1993
_tКонституция
_9499819
_3RU\NLR\AUTH\8810001333
942 _cBOOK
980 _aNB